000 00543nam a2200181Ia 4500
003 GCL
008 140319s9999 xx 000 0 ara d
040 _aGCL /
_cGCL
082 0 4 _a701.18
_bم ا
100 1 _aمحسن محمد عطية
245 1 0 _aافاق جديدة للفن /
_cمحسن محمد عطية
260 _aالقاهرة :
_bدار المعارف ،
_c1995
300 _a199 ص ؛
_c24 سم
490 _aكتاب
_v0
650 0 4 _aالتذوق الفنى
650 0 4 _aالفن - تاريخ ونقد
942 _2ddc
_cBK
999 _c41495
_d41495